[Event "New Delhi Parsvnath op 10th"]
[Site "New Delhi"]
[Date "2012.01.22"]
[Round "10"]
[White "Thakurta, Soumya"]
[Black "Konde, Gaurav"]
[Result "1-0"]
[WhiteElo "2204"]
[BlackElo "2086"]
[PlyCount "73"]
[EventDate "2012.01.15"]
[EventType "swiss"]
[EventRounds "11"]
[EventCountry "IND"]
[SourceTitle "CBM 146 Extra"]
[Source "ChessBase"]
[SourceDate "2012.02.29"]
[SourceVersion "1"]
[SourceVersionDate "2012.02.29"]
[SourceQuality "1"]

1. e4 e5 2. Nf3 Nc6 3. Bb5 a6 4. Ba4 Nf6 5. 0-0 b5 6. Bb3 Bc5 7. c3 d6 8. h3 h6 9. d4 Bb6 10. a4 Bd7 11. Be3 0-0 12. Nbd2 Re8 13. Re1 Rb8 14. Bc2 exd4 15. cxd4 Nb4 16. a5 Ba7 17. Bb1 c5 18. d5 Qc7 19. Qc1 Rb7 20. Qc3 Qd8 21. Bf4 Bc8 22. Nf1 Bb8 23. Ng3 Bc7 24. Qa3 Nh7 25. Bd2 Bb8 26. Bxb4 cxb4 27. Qxb4 Ba7 28. Qd2 Qf6 29. Ra3 b4 30. Rb3 Bc5 31. e5 Qd8 32. Ne4 Qxa5 33. Qc2 g6 34. exd6 Ba7 35. Qc6 Qb5 36. Bd3 Qa4 37. Qxa4 1-0